Statistics for Quizmaster Most Popular Quizzes

Click here to take the quiz!

General Stats

  • This quiz has been taken 11 times
  • The average score is 7 of 20

Answer Stats

HintAnswer% Correct
#1Countries of the World Quiz
100%
#12Countries of Europe Quiz
50%
#22Countries that Start with A
50%
#19Countries that Start with B
50%
#23Countries that Start with C
50%
#2US States Quiz
50%
#4Fast Typing 1 to 100
40%
#10U.S. Presidents Quiz
40%
#5World Capitals Quiz
40%
#6Europe Map Quiz
30%
#8Fifty US States in One Minute
30%
#16NBA Teams Quiz
30%
#18NFL Football Teams Quiz
30%
#17Africa Map Quiz
20%
#14All Country Flags of the World
20%
#21Elements of the Periodic Table Quiz
20%
#7United States Map Quiz
20%
#20Word Scramble - Countries
20%
#13Country Flags Quiz #1
10%
#15Random Capital to Country
10%

Score Distribution

Percentile by Number Answered

Percent of People with Each Score

Your Score History

You have not taken this quiz